|
|
|
|
| LEADER |
01636nam a22003498i 4500 |
| 001 |
28748 |
| 003 |
BD-DhAAL |
| 005 |
20141230123106.0 |
| 008 |
141230s2014 nyu b 001 0 eng |
| 010 |
|
|
|a 2014011302
|
| 020 |
|
|
|a 9780231159227 (cloth : alk. paper)
|
| 020 |
|
|
|a 9780231159234 (pbk. : alk. paper)
|
| 020 |
|
|
|z 9780231537384 (ebook)
|
| 040 |
|
|
|a DLC
|b eng
|e rda
|c DLC
|d DLC
|d BD-DhAAL
|
| 042 |
|
|
|a pcc
|
| 050 |
0 |
0 |
|a HD60
|b .A437 2014
|
| 082 |
0 |
0 |
|a 658.4/08
|2 23
|
| 100 |
1 |
|
|a Anderson, Steven G.
|9 7018
|
| 245 |
1 |
0 |
|a New strategies for social innovation :
|b market-based approaches for assisting the poor /
|c Steven G. Anderson.
|
| 260 |
|
|
|a New York :
|b Columbia University Press,
|c c2014.
|
| 263 |
|
|
|a 1412
|
| 300 |
|
|
|a ix, 329 p. ;
|c 22 cm.
|
| 504 |
|
|
|a Includes bibliographical references and index.
|
| 505 |
0 |
|
|a Acknowledgements -- Introduction to market-oriented social development approaches -- Developing social change models -- Corporate social responsibility -- Social entrepreneurship -- Private sustainable development -- Fair trade -- Market-based social change models : reflections on strengths, limitations, and directions for social change advocates -- References.
|
| 541 |
|
|
|e 28748
|
| 650 |
|
0 |
|a Social entrepreneurship.
|9 7019
|
| 650 |
|
0 |
|a Social responsibility of business.
|9 6177
|
| 650 |
|
0 |
|a Sustainable development.
|9 6178
|
| 650 |
|
0 |
|a Social change.
|9 5911
|
| 942 |
|
|
|2 ddc
|c BK
|
| 999 |
|
|
|c 33360
|d 33360
|
| 952 |
|
|
|0 0
|1 0
|2 ddc
|4 0
|6 658_408000000000000_AND
|7 0
|9 44558
|a BRACUL
|b BRACUL
|c GEN
|d 2014-12-30
|e Karim International
|l 1
|m 18
|o 658.408 AND
|p 3010028748
|r 2017-01-08
|s 2016-09-07
|t 1
|w 2014-12-30
|y BK
|